| 000 | 00611nam a22002057a 4500 | ||
|---|---|---|---|
| 003 | OSt | ||
| 005 | 20230929164044.0 | ||
| 008 | 230929b |||||||| |||| 00| 0 eng d | ||
| 020 | _a9789353946760 | ||
| 082 |
_a519.5 _bH67I |
||
| 100 | _aHogg, Robert V. | ||
| 245 |
_aIntroduction to Mathematical Statistics _cby V. Robert Hogg, Joseph W. Mckean and Allen T. Craig |
||
| 250 | _a8th ed. | ||
| 260 |
_aNoida, UP _bPearson India Education Service _c2020 |
||
| 300 | _a760 p. | ||
| 653 | _aMathematical Statistics | ||
| 700 |
_eAuthor _aMckean, Joseph W |
||
| 710 |
_eAuthor _aCraig, Allen T |
||
| 942 |
_2ddc _cBK |
||
| 999 |
_c26695 _d26695 |
||